书目信息 |
| 题名: |
汽车检测诊断技术
|
|
| 作者: | 安相壁 , 马麟丽 主编 | |
| 分册: | ||
| 出版信息: | 北京 北京理工大学出版社 2005.07 |
|
| 页数: | 311页 | |
| 开本: | 26cm | |
| 丛书名: | ||
| 单 册: | ||
| 中图分类: | U472.9 | |
| 科图分类: | ||
| 主题词: | 汽车--故障检测--高等学校:技术学校--教材 | |
| 电子资源: | ||
| ISBN: | 7-5640-0460-6 | |
| 000 | 00617nam0 2200193 450 | |
| 001 | 0653190140 | |
| 005 | 20061009103227.23 | |
| 010 | @a7-5640-0460-6@dCNY 29.00 | |
| 100 | @a20060831d2005 km y0chiy0120 ea | |
| 101 | 0 | @achi |
| 200 | 1 | @a汽车检测诊断技术@Aqi che jian ce zhen duan ji shu@f安相壁,马麟丽主编@Fan xiang bi,ma lin li zhu bian |
| 210 | @a北京@c北京理工大学出版社@d2005.07 | |
| 215 | @a311页@d26cm | |
| 606 | 0 | @a汽车@x故障检测@x高等学校:技术学校@x教材 |
| 690 | @aU472.9@v4 | |
| 701 | 0 | @a安相壁@Aan xiang bi@4主编 |
| 701 | 0 | @a马麟丽@Ama lin li@4主编 |
| 801 | @aCN@c20061009 | |
| 905 | @a10447@dU472.9@eA700 | |
| 汽车检测诊断技术/安相壁,马麟丽主编.-北京:北京理工大学出版社,2005.07 |
| 311页;26cm |
| ISBN 7-5640-0460-6:CNY 29.00 |
| ● |
| 相关链接 |
|
|
|
正题名:汽车检测诊断技术
索取号:U472.9/A700
 
预约/预借
| 序号 | 登录号 | 条形码 | 馆藏地/架位号 | 状态 | 备注 |
| 1 | 610573 | 206105739 | 自科库501/501自科库 87排1列2层/ [索取号:U472.9/A700] | 在馆 | |
| 2 | 610574 | 206105748 | 自科库501/501自科库 87排1列2层/ [索取号:U472.9/A700] | 在馆 | |
| 3 | 610575 | 206105757 | 自科库501/501自科库 87排1列2层/ [索取号:U472.9/A700] | 在馆 |